Sports Quiz

Random Sports or Olympics Quiz
Score 0/115 Timer 10:00
0 Plays Today
Total Medals Country % Correct
131China
96.2%
51United States
96.2%
116Russia
92.3%
64Germany
90.4%
53Japan
88.5%
44France
86.5%
52Australia
86.5%
15Sweden
86.5%
14Norway
86.5%
45Italy
84.6%
19Brazil
84.6%
28Canada
84.6%
6Finland
84.6%
10India
84.6%
45South Korea
80.8%
30Great Britain
80.8%
10North Korea
80.8%
20Spain
80.8%
10South Africa
80.8%
9New Zealand
80.8%
12Argentina
80.8%
17Mexico
80.8%
19Austria
78.8%
57Ukraine
78.8%
21Netherlands
78.8%
7Denmark
78.8%
4Portugal
78.8%
11Lithuania
76.9%
11Kenya
76.9%
13Belarus
76.9%
12Romania
76.9%
2Latvia
76.9%
14Egypt
75%
12Belgium
75%
3Peru
75%
1Chile
73.1%
2Estonia
71.2%
12Poland
69.2%
5Jamaica
69.2%
Total Medals Country % Correct
20Turkey
69.2%
6Vietnam
69.2%
1Ireland
69.2%
6Greece
69.2%
1Pakistan
69.2%
18Cuba
67.3%
17Slovenia
67.3%
13Ethiopia
67.3%
14Switzerland
67.3%
1Serbia
67.3%
2Indonesia
67.3%
15Thailand
65.4%
17Kazakhstan
65.4%
8Colombia
65.4%
11Iran
63.5%
9Bulgaria
63.5%
15Uzbekistan
63.5%
9Slovakia
63.5%
3Morocco
63.5%
1Bolivia
63.5%
1Iceland
63.5%
40Hungary
61.5%
8Croatia
61.5%
15Czech Republic
61.5%
5Israel
61.5%
9Singapore
61.5%
4Nigeria
61.5%
4Malaysia
61.5%
1Fiji
61.5%
1Saudi Arabia
61.5%
20Azerbaijan
59.6%
1Uruguay
59.6%
13Venezuela
59.6%
2Tunisia
59.6%
1Ecuador
59.6%
3Mongolia
57.7%
1Ghana
55.8%
1Iraq
55.8%
11Armenia
53.8%
Total Medals Country % Correct
4Georgia
53.8%
3Bahamas
53.8%
1Qatar
53.8%
1Andorra
53.8%
1Turkmenistan
51.9%
3Dominican Republic
50%
3Trinidad and Tobago
50%
1Lebanon
50%
5Moldova
48.1%
2Cyprus
46.2%
2Jordan
46.2%
1Cambodia
46.2%
1Kyrgyzstan
44.2%
1Kuwait
44.2%
1Haiti
42.3%
1Guatemala
42.3%
2Bahrain
40.4%
2Uganda
38.5%
1Zambia
36.5%
2Bosnia and Herzegovina
36.5%
1Monaco
36.5%
1Puerto Rico
32.7%
6Hong Kong
32.7%
1Suriname
30.8%
1El Salvador
30.8%
11Chinese Taipei
26.9%
2Eritrea
25%
1Grenada
25%
2Botswana
21.2%
1Burundi
17.3%
76Mixed-NOCs
15.4%
1Virgin Islands
11.5%
1Equatorial Guinea
11.5%
1Nauru
9.6%
2Tajikstan
1.9%
1Netherlands Antilles
1.9%
1Dijibouti
1.9%
Remove Ads.
Support Sporcle.
Get the best of Sporcle when you Go Orange. This ad-free experience offers more features, more stats, and more fun while also helping to support Sporcle. Thank you for becoming a member.

You're not logged in!

Compare scores with friends on all Sporcle quizzes.
OR
Log In

Show Comments

Extras

Top Quizzes Today


Score Distribution

Your Account Isn't Verified!

In order to create a playlist on Sporcle, you need to verify the email address you used during registration. Go to your Sporcle Settings to finish the process.

Report this User

Report this user for behavior that violates our Community Guidelines.

Details: